banner-ar

اوروبا فى مطلع العصور الحديثة / (Record no. 61276)

MARC details
000 -الفاتح
حقل البيانات ثابتة الطول 01408nam a22003617a 4500
005 - وقت وتاريخ اخر تعامل مع التسجيلة
رقم الضبط 20240530110452.0
008 - عناصر البيانات ثابتة الطول - معلومات عامة
حقل البيانات ثابتة الطول 150516s2011 ua g 000 0 ara d
017 ## - رقم الايداع القانونى
رقم الايداع القانونى 338
المصدر ( الهيئة المختصة) مصر . دار الكتب المصرية
040 ## - مصدر الفهرسة
وكالة الفهرسة الأصلية EG-CaGPL
082 04 - رقم تصنيف ديوى العشرى
رقم الطبعة 21
رقم التصنيف 940\
رقم المادة ع أ
100 1# - المدخل الرئيسى - إسم شخصى
الإسم الشخصى عبدالعزيز محمد الشناوى .
245 10 - بيان العنوان
العنوان اوروبا فى مطلع العصور الحديثة /
بيان المسئوليه,etc تاليف عبدالعزيز محمد الشناوى .
رقم الجزء/قسم العمل الجزء الاول.
250 ## - بيان الطبعة
بيان الطبعة ط4.
260 ## - PUBLICATION, DISTRIBUTION, ETC. (IMPRINT)
تاريخ النشر أو التوزيع 2011.
300 ## - الوصف المادى
التعداد 464 ص ؛
أبعاد الوعاء 24 سم.
600 0# - المدخل الاضافى بالموضوع-اسم شخصى
الإسم الشخصى توماس مور .
600 0# - المدخل الاضافى بالموضوع-اسم شخصى
الإسم الشخصى نيقولا مكيافيلى .
650 04 - المدخل الاضافى بالموضوع-مصطلح موضوعى
مصطلح موضوعي الكشوف الجغرافية .
650 04 - المدخل الاضافى بالموضوع-مصطلح موضوعى
مصطلح موضوعي حركة كلفن
التقسيم الفرعي الجغرافي سويسرا .
650 04 - المدخل الاضافى بالموضوع-مصطلح موضوعى
مصطلح موضوعي حركة زونجلى
التقسيم الفرعي الجغرافي سويسرا .
650 04 - المدخل الاضافى بالموضوع-مصطلح موضوعى
مصطلح موضوعي صلح اوجزبرج .
650 04 - المدخل الاضافى بالموضوع-مصطلح موضوعى
مصطلح موضوعي حركة مارتن لوثر .
650 04 - المدخل الاضافى بالموضوع-مصطلح موضوعى
مصطلح موضوعي معركة اجناديل .
650 04 - المدخل الاضافى بالموضوع-مصطلح موضوعى
مصطلح موضوعي معاهدة غرناطة .
650 04 - المدخل الاضافى بالموضوع-مصطلح موضوعى
مصطلح موضوعي الكنيسة الكاثوليكية .
650 04 - المدخل الاضافى بالموضوع-مصطلح موضوعى
مصطلح موضوعي الحروب الايطالية .
651 04 - المدخل الاضافى بالموضوع - اسم جغرافى
الاسم الجغرافي اوربا .
651 04 - المدخل الاضافى بالموضوع - اسم جغرافى
الاسم الجغرافي المانيا
التقسيم الفرعي العام الحروب الاهلية .
651 04 - المدخل الاضافى بالموضوع - اسم جغرافى
الاسم الجغرافي اوربا
التقسيم الفرعي العام تاريخ
التقسيم الفرعي الزمني عصر النهضة .
651 04 - المدخل الاضافى بالموضوع - اسم جغرافى
الاسم الجغرافي اوربا
التقسيم الفرعي العام تاريخ .
942 ## - عناصر المدخل الإضافي( كوها)
مصدر التصنيف او مخطط الترفيف Dewey Decimal Classification
Koha [default] item type كتاب
260 ## - PUBLICATION, DISTRIBUTION, ETC. (IMPRINT)
-- القاهرة :
-- مكتبة الانجلو المصرية ،
Holdings
حالة التراجع حالة الفقد حالة تلف ليس للاعارة المكان المؤقت الموقع الحالى تاريخ الاكتساب اجمالي اﻻعارات رقم الطلب الباركود تاريخ اخر مشاهدة تاريخ تفعيل السعر نوع وعاء كوها
        مكتبة القاهرة الكبرى مكتبة القاهرة الكبرى 05/16/2015   940\ ع أ 160532 05/16/2015 05/16/2015 كتاب

Powered By

EGPV